| 000 | 00450nam a2200169Ia 4500 | ||
|---|---|---|---|
| 001 | 29751 | ||
| 003 | IN-NITTTR | ||
| 005 | 20251114233404.0 | ||
| 008 | 251113s9999||||xx |||||||||||||| ||eng|| | ||
| 040 | _beng | ||
| 040 | _cIN-NITTTR | ||
| 041 | _aeng | ||
| 082 | _a624.10299 S69 | ||
| 245 | 0 |
_aService life estimation and extension of civil engineering structures / _cKarbhari, Vistasp M., ed. |
|
| 700 | _aKarbhari, Vistasp M. | ||
| 942 |
_2ddc _cBK |
||
| 999 |
_c32379 _d32379 |
||